Design of machine elements / (Record no. 189558)

000 -LEADER
fixed length control field 01155 a2200193 4500
003 - CONTROL NUMBER IDENTIFIER
control field Nust
005 - DATE AND TIME OF LATEST TRANSACTION
control field 20221229120925.0
020 ## - INTERNATIONAL STANDARD BOOK NUMBER
International Standard Book Number 978-0-07-068179-8
040 ## - CATALOGING SOURCE
Transcribing agency Nust
082 ## - DEWEY DECIMAL CLASSIFICATION NUMBER
Classification number 621.81,BHA
100 ## - MAIN ENTRY--PERSONAL NAME
Personal name V B Bhandari
9 (RLIN) 106340
245 ## - TITLE STATEMENT
Title Design of machine elements /
Statement of responsibility, etc. V B Bhandari
250 ## - EDITION STATEMENT
Edition statement 3rd ed
260 ## - PUBLICATION, DISTRIBUTION, ETC.
Place of publication, distribution, etc. New Delhi
Name of publisher, distributor, etc. Tata McGraw Hill Education Pvt Ltd
Date of publication, distribution, etc. 2011
300 ## - PHYSICAL DESCRIPTION
Extent xxv,934,p;
505 ## - FORMATTED CONTENTS NOTE
Formatted contents note Introduction (Page-1), Engineering Materials (Page-20), Manufacturing Considerations in Design (Page-55), Design Against Static Load (Page-76), Design Against Fluctuating Load (Page-141), Power Screws (Page-184), Threaded Joints (Page-219), Welded and Riveted Joints (Page-272), Shafts, Keys and Couplings (Page-330), Springs (Page-393), Friction Clutches (Page-448), Brakes (Page-872), Belt Drives (Page-499), Chain Drives (Page-544), Rolling Contact Bearings (Page-564), Sliding Contact Bearings (Page-601), Spur Gears (Page-646), Helical Gears (Page-694), Bevel Gears (Page-711), Worm Gears (Page-730), Flywheel (Page-749), Cylinders and Pressure Vessels (Page-768).
650 ## - SUBJECT ADDED ENTRY--TOPICAL TERM
Topical term or geographic name entry element Telecommunication Engineering
942 ## - ADDED ENTRY ELEMENTS (KOHA)
Source of classification or shelving scheme
Koha item type Book
Holdings
Withdrawn status Lost status Source of classification or shelving scheme Damaged status Not for loan Permanent Location Current Location Shelving location Date acquired Full call number Barcode Date last seen Price effective from Koha item type Public note
          Military College of Signals (MCS) Military College of Signals (MCS) General Stacks 12/12/2016 621.81,BHA MCS35139 12/08/2016 12/12/2016 Book Almirah No.41, Shelf No.1
© 2023 Central Library, National University of Sciences and Technology. All Rights Reserved.